Predstavujeme vám Biele divadlo

Bibliographic Details
Main Author: Erdziak, Pavol, 1950- (Author)
Format: Article
Language:Slovak
Subjects:

MARC

LEADER 00000nab a2200000 a 4500
001 vtls000395809
003 SK-MaSNL
005 20260303195755.0
008 111202c1990 xo 0 slo
015 |a SNBRB19rr/mm-uuuuu 
035 |a CL0395933 
040 |a SNKBUCL  |b slo  |c SNKBUCL  |e AACR2 
041 0 |a slo 
044 |a xo  |c SK 
080 |a 792.077  |2 1981 
100 1 |a Erdziak, Pavol,  |d 1950-  |4 aut  |9 115713 
245 1 0 |a Predstavujeme vám Biele divadlo  |c Pavol Erdziak 
300 |b Fot. 5. 
610 2 7 |a Biele divadlo  |2 snkbucl  |9 232833 
651 7 |a 5100  |2 snkbucl  |9 166206 
655 7 |a články z novín a časopisov  |2 snkbucl  |9 267496 
773 0 |t Osvetová práca  |g Roč. 40, č. 19 (1990), s. 48 
850 |a Slovenská národná knižnica v Martine  |a MTA001 
852 |a SNK  |b KIS3GCP 
958 |a RK 
992 |a RBX 
999 |c 2164792  |d 2166722